Statistics for Memphis Grizzlies roster 2021-2022

Click here to take the quiz!

General Stats

  • This quiz has been taken 88 times
  • The average score is 11 of 19

Answer Stats

NumberPlayer% Correct
12Ja Morant
97%
22Desmond Bane
96%
13Jaren Jackson Jr.
92%
24Dillon Brooks
89%
4Steven Adams
86%
21Tyus Jones
77%
46John Konchar
69%
15Brandon Clarke
68%
2Xavier Tillman Sr.
65%
0De'Anthony Melton
61%
8Ziare Williams
61%
1Kyle Anderson
58%
7Santi Aldama
46%
35(TW)Killian Tillie
34%
23Jarrett Culver
23%
5(TW)Yves Pons
23%
3Tyrell Terry
15%
6Shaq Buchanan
4%
25Sam Merrill
3%

Score Distribution

Percentile by Number Answered

Percent of People with Each Score

Your Score History

You have not taken this quiz